| 000 | 00647nam a2200217 a 4500 | ||
|---|---|---|---|
| 005 | 20221125063740.0 | ||
| 008 | 021113s2001 mx r 000 0 spa d | ||
| 020 | _a9706860371 | ||
| 035 | _aUPN01000120997 | ||
| 049 | _aCG | ||
| 050 | 4 |
_aHF5635 _bN5.28 2001 |
|
| 100 | 1 | _aNikolai, Loren A. | |
| 245 | 1 | 0 |
_aContabilidad intermedia / _cLoren A. Nikolai, John D. Bazley ; tr. Adolfo Deras Quiñones. |
| 250 | _a8a ed. | ||
| 260 |
_aMéxico : _bThomson Learning, _cc2001. |
||
| 300 |
_axxii, 1097 [146] p. : _bil. |
||
| 440 | 0 | _aSoluciones empresariales | |
| 650 | 2 |
_aContabilidad _98728 |
|
| 700 | 1 |
_aBazley, John D., _ecoaut. |
|
| 905 | _aLibro | ||
| 999 |
_c93313 _d93313 |
||